000
00254nam a22000977a 4500
999
_c
12700
_d
12700
082
_a
297.64
100
_a
Prof: Mufti Mohammad Waseem Akram
245
_a
Seerat Hazrat Sayadina Umer Farooque
260
_a
Pakistan
_b
Mushtaque Book Corner
_c
2020
942
_c
BK